[Event "Tatry Open 2012"]
[Site "Tatranske Zruby SVK"]
[Date "2012.09.24"]
[Round "2.38"]
[White "Czajkowski,R"]
[Black "Jiruse,J"]
[Result "0-1"]
[WhiteElo "2111"]
[BlackElo "1995"]

1.d4 d5 2.c4 c6 3.Nc3 Nf6 4.Nf3 dxc4 5.a4 Bf5 6.e3 e6 7.Bxc4 Bb4 8.Qb3 Qe7
9.a5 O-O 10.O-O c5 11.Bd2 Nc6 12.dxc5 Qxc5 13.Ra4 Bxa5 14.Rfa1 a6 15.Be2 Qb6
16.Qa2 Bb4 17.Qb3 Bc5 18.Qd1 Nb4 19.Ne1 Rfd8 20.Qc1 Rac8 21.Ra5 Qd6 22.Nf3 b6
23.Rxa6 Nxa6 24.Bxa6 Ra8 25.Nb5 Qd7 26.Nbd4 Be4 27.Bb5 Rxa1 28.Qxa1 Qb7 29.Bc3 Bxd4
30.Bxd4 Bxf3 31.gxf3 Qxf3 32.Qf1 e5 33.Be2 Qd5 34.Bxb6 Rb8 35.Ba7 Rxb2 36.Qc1 Qb7
37.Bd3 g6 38.Bc5 Ng4 39.Be4 Qb3 40.Bd6 h5 41.h3 Nxf2 42.Bxe5 Nxh3+ 43.Kh1 Nf2+
44.Kg1 Qd1+ 45.Qxd1 Nxd1 46.Bxb2 Nxb2 47.Kf2 Nc4 48.Bd5 Ne5 49.Kg3 g5 50.Bb3 Kg7
51.Bc2 Kf6 52.Be4 Nc4 53.Kf2 g4 54.Bd5 Ne5 55.Kg3 Kg5 56.Bb3 h4+ 57.Kg2 f5
58.Bd5 Kf6 59.Bb7 Nc4 60.Kf2 Ke5 61.Bc6 Nd6 62.Ba8 Ne4+ 63.Kg2 Nf6 64.Kf2 Nd5
65.Bb7 h3 66.Bc6 h2 67.Kg2 Nxe3+ 68.Kxh2 Kf4 69.Bb7 Nc4 70.Kg2 Nd6 71.Bc6 Ne4
72.Bd7 Nf6 73.Bc8 Ke4 74.Kf2 f4 75.Bb7+ Kd3 76.Bc8 Ne4+ 77.Kf1 g3 78.Kg2 Ke3
79.Bg4 Nd2 80.Bh5 Nb3 81.Bd1 Nd4 82.Bg4 Ke4 83.Bh5 Kf5 84.Kh3 Kg5 85.Bd1 Nf5
86.Bf3 Ne3 87.Be4 Kf6 88.Bf3 Ke5 89.Bb7 Kd4 90.Ba6 Kc3 91.Bb7 Kd2 92.Bc6 Ke1
93.Bb7 Kf2  0-1

[Event "Baku Open 2012"]
[Site "Baku AZE"]
[Date "2012.09.25"]
[Round "4.13"]
[White "Agaragimov,D"]
[Black "Mammadov,Z"]
[Result "0-1"]
[WhiteElo "2343"]
[BlackElo "2442"]

1.d4 d5 2.Nf3 Nf6 3.c4 c6 4.Nc3 dxc4 5.a4 Bf5 6.e3 e6 7.Bxc4 Bb4 8.O-O Nbd7
9.Qe2 Bg6 10.Rd1 O-O 11.Ne1 Qc7 12.f3 e5 13.Nc2 Bd6 14.g4 Bxc2 15.Qxc2 exd4
16.exd4 Rad8 17.Kh1 Kh8 18.Bg5 Bf4 19.Bh4 g5 20.Bf2 Nb6 21.Bb3 Nbd5 22.Re1 Qd7
23.Qd3 Kg7 24.Nxd5 Nxd5 25.Bxd5 Qxd5 26.Re7 Rd7 27.Rae1 Rfd8 28.Kg2 Bd6 29.R7e4 Bf4
30.Qc3 Rd6 31.Re5 Bxe5 32.Rxe5 Qa2 33.Rxg5+ Rg6 34.d5+ Kg8 35.Rxg6+ hxg6
36.dxc6 bxc6 37.a5 Rd5 38.Qxc6 Qxa5 39.Qe8+ Kg7 40.Qb8 a6 41.Qa7 Rd2 42.Qe3 Qd5
43.Qc3+ Kh7 44.Kg3 Rd3 45.Qf6 Qd6+ 46.Qxd6 Rxd6 47.Bc5 Rd3 48.h4 Kg7 49.Kf4 Kf6
50.Bb6 Rd5 51.Ke4 Ke6 52.Bd4 Rb5  0-1

[Event "Tatry Open 2012"]
[Site "Tatranske Zruby SVK"]
[Date "2012.09.25"]
[Round "3.8"]
[White "Jedlicka,A"]
[Black "Kernazhitsky,L"]
[Result "1-0"]
[WhiteElo "2224"]
[BlackElo "2305"]

1.d4 d5 2.c4 c6 3.Nf3 Nf6 4.Nc3 dxc4 5.a4 Bf5 6.e3 e6 7.Bxc4 Bb4 8.O-O O-O
9.Nh4 Nbd7 10.f3 Bg6 11.e4 e5 12.Nxg6 hxg6 13.Be3 a5 14.Qe2 exd4 15.Bxd4 Qe7
16.Kh1 Bc5 17.Bxc5 Nxc5 18.e5 Nfd7 19.f4 Nb6 20.Ba2 Nbxa4 21.Nxa4 Nxa4 22.Qc2 Nb6
23.Qxg6 Nd5 24.Qh5 g6 25.Qh6 Rfe8 26.Rae1 Qf8 27.Qh3 Qg7 28.Bb1 Re6 29.g4 Rae8
30.g5 b6 31.Rf3 Kf8 32.Ref1 Ke7 33.f5 gxf5 34.Rxf5 Rf8 35.Rf6 Kd7 36.g6 Nxf6
37.exf6 Qh8 38.Qd3+ Rd6 39.Qf5+ Kc7 40.g7 Qh6 41.gxf8=Q Qxf8 42.Qe5 Qd8 43.Ba2 Qf8
44.Qe7+ Qxe7 45.fxe7 Kd7 46.Re1  1-0

[Event "21st TCh-CRO w 2012"]
[Site "Sibenik CRO"]
[Date "2012.09.26"]
[Round "5.2"]
[White "Ivekovic,T"]
[Black "Kanceljak,D"]
[Result "1-0"]
[WhiteElo "2020"]
[BlackElo "1920"]

1.d4 d5 2.c4 c6 3.Nc3 Nf6 4.Nf3 dxc4 5.a4 Bf5 6.e3 e6 7.Bxc4 Nbd7 8.O-O Bd6
9.Re1 Ne4 10.Nxe4 Bxe4 11.Nd2 Bg6 12.e4 O-O 13.Nf3 Nb6 14.Bb3 a5 15.Bg5 Qb8
16.h3 h6 17.Bd2 c5 18.dxc5 Bxc5 19.Be3 Rd8 20.Qc1 Bxe3 21.Qxe3 Qd6 22.Rac1 Rac8
23.Rxc8 Rxc8 24.Rd1 Qc6 25.Ne5 Qxe4 26.Nxg6 Qb4 27.Ne7+ Qxe7 28.Qxb6 Ra8
29.Qb5 Qc7 30.Bc4 Rc8 31.b3 Rf8 32.Rd7 Qf4 33.Qxb7 Qc1+ 34.Bf1 e5 35.Qd5 Qc3
36.Rd8 Rxd8 37.Qxd8+ Kh7 38.Qd3+  1-0

[Event "Tatry Open 2012"]
[Site "Tatranske Zruby SVK"]
[Date "2012.09.27"]
[Round "6.4"]
[White "Belunek,V"]
[Black "Cech,P"]
[Result "1/2-1/2"]
[WhiteElo "2266"]
[BlackElo "2378"]

1.d4 d5 2.c4 c6 3.Nf3 Nf6 4.Nc3 dxc4 5.a4 Bf5 6.e3 e6 7.Bxc4 Bb4 8.O-O O-O
9.Qe2 Nbd7 10.e4 Bg6 11.Bd3 c5 12.e5 cxd4 13.Bxg6 dxc3 14.exf6 hxg6 15.fxg7 Kxg7
16.Rd1 Qc7 17.bxc3 Be7 18.Bf4 Qxf4 19.Rxd7 Bf6 20.Nd4 Bxd4 21.cxd4  1/2-1/2

[Event "TCh-Belgrade Premier 2012"]
[Site "Belgrade SRB"]
[Date "2012.10.04"]
[Round "4.4"]
[White "Milicevic,A"]
[Black "Radusinovic,L"]
[Result "1-0"]
[WhiteElo "2233"]
[BlackElo "2326"]

1.d4 d5 2.c4 c6 3.Nf3 Nf6 4.Nc3 dxc4 5.a4 Bf5 6.e3 e6 7.Bxc4 Nbd7 8.O-O Bd6
9.Qe2 Bg4 10.e4 e5 11.d5 h6 12.dxc6 bxc6 13.Rd1 Qe7 14.a5 O-O 15.h3 Bxf3
16.Qxf3 Rab8 17.Ne2 Rfd8 18.Ng3 Qf8 19.Nf5 Bc5 20.b3 Kh8 21.Bb2 g6 22.Ne3 Kg7
23.Rd3 Bd4 24.Rxd4 exd4 25.Bxd4 Qd6 26.Rd1 Ne5 27.Qg3 Nfg4 28.Nxg4 f6 29.Nxe5  1-0

[Event "3rd Copa Latino-Americana"]
[Site "Cali COL"]
[Date "2012.10.05"]
[Round "2.21"]
[White "Osorio,Alejandro"]
[Black "Herrera,Jua"]
[Result "0-1"]
[WhiteElo "1922"]
[BlackElo "2184"]

1.d4 d5 2.c4 c6 3.Nc3 Nf6 4.Nf3 dxc4 5.a4 Bf5 6.e3 e6 7.Bxc4 Bb4 8.O-O Qe7
9.Qe2 Bg4 10.Bd2 Nbd7 11.Rfc1 e5 12.Na2 Bd6 13.dxe5 Nxe5 14.Bc3 Nfd7 15.h3 Nxf3+
16.gxf3 Bxh3 17.f4 h5 18.Qf3 Bf5 19.Qg2 Rh6 20.Kf1 Rg6 21.Qh2 Qe4 22.Be2 Nc5
23.Bb4 Nd3 24.Bxd6 Nxc1 25.Rxc1 Rxd6 26.Nc3 Qe6 27.Qxh5 O-O-O 28.Qh1 Bd3
29.Bxd3 Rxd3 30.Qf3 Qc4 31.Ne2 Rd1+ 32.Rxd1 Rxd1+ 33.Kg2 f5 34.Ng3 Qd5 35.e4 fxe4
36.Qg4+ Qd7 37.f5 Re1 38.Nxe4 Qd1 39.f6+ Qxg4+  0-1

[Event "TCh-SWE Elite 2012-13"]
[Site "Malmo SWE"]
[Date "2012.10.05"]
[Round "1"]
[White "Johansson,Linus"]
[Black "Krantz,C"]
[Result "1-0"]
[WhiteElo "2287"]
[BlackElo "2252"]

1.d4 d5 2.c4 c6 3.Nf3 Nf6 4.Nc3 dxc4 5.a4 Bf5 6.Ne5 Nbd7 7.Nxc4 Nb6 8.Ne5 a5
9.Bg5 e6 10.e4 h6 11.exf5 hxg5 12.fxe6 fxe6 13.Bd3 Bb4 14.Bg6+ Ke7 15.O-O Rh4
16.Re1 Rxd4 17.Qe2 Kf8 18.Nf7 Qe7 19.Nxg5 e5 20.Qf3 Rh4 21.Qf5 Nd7 22.Rad1 Kg8
23.Bf7+ Kh8 24.Be6 Rf8 25.Qg6 b5 26.g3 Rh6 27.Nf7+ Rxf7 28.Qxf7 Qxf7 29.Bxf7 bxa4
30.Be6 Nf8 31.Rd8 e4 32.Bf5 Rh5 33.g4 Rh3 34.Nxe4 g6 35.Nxf6 Bxe1 36.Rxf8+ Kg7
37.Rg8+ Kxf6 38.Rxg6+ Kf7 39.Rxc6 Bd2 40.Kg2 Rh8 41.Kg3 Rb8 42.Rc2 Rb3+ 43.f3 Bb4
44.g5 Bd6+ 45.Kg4 Be5 46.Be4 Rb4 47.h4 Bxb2 48.Rc5 a3 49.Rxa5 Ke7 50.h5 Bc1
51.h6 Rb2 52.h7 Rh2 53.f4 Bb2 54.f5 Bc1 55.f6+ Ke6 56.Ra8 a2 57.Rxa2  1-0

[Event "TATA 50th ch-IND National Premier"]
[Site "Kolkata IND"]
[Date "2012.10.07"]
[Round "7.6"]
[White "Sethuraman,S"]
[Black "Anurag,M"]
[Result "0-1"]
[WhiteElo "2553"]
[BlackElo "2349"]

1.d4 d5 2.c4 c6 3.Nc3 Nf6 4.Nf3 dxc4 5.a4 Bf5 6.Ne5 Nbd7 7.Nxc4 Qc7 8.g3 e5
9.dxe5 Nxe5 10.Bf4 Nfd7 11.Bg2 f6 12.O-O Nc5 13.Ne3 Bg6 14.b4 Ne6 15.b5 Rd8
16.Qb3 Bf7 17.Qb1 Bc5 18.Nf5 O-O 19.Ne4 Bb6 20.a5 Bd4 21.Ra2 Nxf4 22.gxf4 Bxa2
23.Qxa2+ Qf7 24.Qxf7+ Nxf7 25.bxc6 bxc6 26.Ne7+ Kh8 27.Nxc6 Rd5 28.Rd1 f5
29.Nc3 Rc5 30.Na4 Rc4 31.Nxd4 Rxa4 32.Nc6 Rxf4 33.Nxa7 Rd8 34.Rf1 Ra4 35.Nc6 Rd6
36.Rb1 Nd8 37.Rb8 Ra1+ 38.Bf1 Rg6+  0-1

[Event "TATA 50th ch-IND National Premier 2012"]
[Site "Kolkata IND"]
[Date "2012.10.10"]
[Round "9.17"]
[White "Ram,S"]
[Black "Suvrajit,S"]
[Result "1/2-1/2"]
[WhiteElo "2303"]
[BlackElo "2362"]

1.d4 d5 2.Nf3 Nf6 3.c4 c6 4.Nc3 dxc4 5.a4 Bf5 6.Nh4 Bc8 7.e3 e6 8.Bxc4 Bb4
9.Nf3 Nbd7 10.O-O O-O 11.Qb3 a5 12.Re1 c5 13.Bd2 cxd4 14.exd4 Nb6 15.Bd3 h6
16.Rad1 Bd7 17.Ne5 Be8 18.Nb5 Bxd2 19.Rxd2 Rc8 20.Nc4 Nxc4 21.Bxc4 Qb6 22.h3 Bc6
23.Nd6 Qxb3 24.Bxb3 Rcd8 25.Nc4 b6 26.Ne5 Bd5 27.Bxd5 Nxd5 28.Rc1 f6 29.Nf3 Rd6
30.g3 Rfd8 31.Re2 Kf7 32.Nd2 Nb4 33.Nc4 Rc6 34.Rd2 Ke7 35.b3 Rd5 36.Rcd1 Rd7
37.h4 Nd5 38.Re1 Rd8 39.Kg2 h5 40.Rde2 Kf7 41.Rc1 Nb4 42.Rd2 Kf8 43.Re1 Nd5
44.Rde2 Kf7 45.Rc2 Ne7 46.Rd2 Nf5 47.Red1 Rd5 48.Rd3 Ke7 49.Kf3 Kf7  1/2-1/2

[Event "12th Winterthurer Schachwoche"]
[Site "Winterthur SUI"]
[Date "2012.10.11"]
[Round "6"]
[White "Gleizerov,E"]
[Black "Pikula,D"]
[Result "1-0"]
[WhiteElo "2564"]
[BlackElo "2489"]

1.d4 d5 2.c4 c6 3.Nf3 Nf6 4.Nc3 dxc4 5.a4 Bf5 6.e3 e6 7.Bxc4 Bb4 8.O-O Nbd7
9.Nh4 Bg6 10.Qb3 a5 11.g3 Qb6 12.Nxg6 hxg6 13.Rd1 O-O 14.Qc2 Rad8 15.b3 Rfe8
16.Bb2 Qc7 17.Bf1 e5 18.Bg2 exd4 19.Rxd4 Be7 20.Nb5 Qb8 21.Na3 Nb6 22.Nc4 Nxc4
23.Qxc4 Rxd4 24.Bxd4 Bb4 25.Rd1 Rd8 26.Bf3 Rd7 27.h4 Qd8 28.Qc2 Qe7 29.Kg2 Qe6
30.Rh1 c5 31.Bxf6 gxf6 32.Rd1 b6 33.h5 Kg7 34.hxg6 fxg6 35.Qe4 Qe7 36.Qxe7+ Rxe7
37.Rd8 f5 38.Bd5 Ba3 39.Bc4 Rb7 40.g4 fxg4 41.Kg3 Bb2 42.Kxg4 Bf6 43.Rd6 Rb8
44.f4 Re8 45.Be6 Bd8 46.e4 Re7 47.Rxd8 Rxe6 48.e5 Kf7 49.Kg5 Ke7 50.Rd6 Rxd6
51.exd6+ Kxd6 52.Kxg6 Ke7 53.f5  1-0

[Event "TATA 50th ch-IND National Premier 2012"]
[Site "Kolkata IND"]
[Date "2012.10.12"]
[Round "11.15"]
[White "Bitan,B"]
[Black "Suvrajit,S"]
[Result "1/2-1/2"]
[WhiteElo "2326"]
[BlackElo "2362"]

1.d4 d5 2.c4 c6 3.Nf3 Nf6 4.Nc3 dxc4 5.a4 Bf5 6.Ne5 Nbd7 7.Nxc4 Nb6 8.Ne5 a5
9.f3 Nfd7 10.e4 Nxe5 11.exf5 Nec4 12.Qb3 Nd6 13.g4 g6 14.Bf4 Bg7 15.O-O-O O-O
16.h4 gxf5 17.h5 fxg4 18.h6 Bf6 19.fxg4 Nd5 20.Nxd5 cxd5 21.Qxd5 Qc8+ 22.Kb1 Qxg4
23.Bd3 Qxf4 24.Rdg1+ Kh8 25.Rg7 Bxg7 26.hxg7+ Kxg7 27.Rxh7+ Kf6 28.Rh6+ Kg7
29.Rh7+  1/2-1/2

[Event "e2e4 High Wycombe October Open"]
[Site "High Wycombe ENG"]
[Date "2012.10.13"]
[Round "3.8"]
[White "Mason,D"]
[Black "Moss,Guy"]
[Result "1-0"]
[WhiteElo "2219"]
[BlackElo "1927"]

1.d4 d5 2.c4 c6 3.Nf3 Nf6 4.Nc3 dxc4 5.a4 Bf5 6.e3 e6 7.Bxc4 Bb4 8.O-O Nbd7
9.Qe2 O-O 10.e4 Bg6 11.Bd3 c5 12.e5 cxd4 13.exf6 dxc3 14.Bxg6 hxg6 15.fxg7 Kxg7
16.Rd1 Qe7 17.bxc3 Bc5 18.Bb2 Nf6 19.c4 Rad8 20.g4 Kh7 21.Qe5 Ne8 22.Rxd8 Bxf2+
23.Kxf2 Qxd8 24.Ng5+ Kh6 25.Bc1 Qb6+ 26.c5 Qb3 27.Nxe6+  1-0

[Event "NIT Nagpur GM Open 2012"]
[Site "Nagpur IND"]
[Date "2012.10.17"]
[Round "3.16"]
[White "Grover,S"]
[Black "Mohota,N"]
[Result "1/2-1/2"]
[WhiteElo "2516"]
[BlackElo "2323"]

1.d4 d5 2.c4 c6 3.Nf3 Nf6 4.Nc3 dxc4 5.a4 Bf5 6.Nh4 e6 7.Nxf5 exf5 8.e3 Bb4
9.Bxc4 O-O 10.O-O Nbd7 11.Qc2 g6 12.f3 Rc8 13.Rd1 Qe7 14.e4 fxe4 15.fxe4 Bxc3
16.bxc3 Qxe4 17.Qf2 Kg7 18.Re1 Qf5 19.Qg3 Rce8 20.Rf1 Qh5 21.Qc7 Nb6 22.Bd3 Nbd5
23.Qxb7 Ng4 24.h3 Nge3 25.Rf3 Re7 26.Qxc6 Rfe8 27.Ba3 Nxg2 28.Bxe7 Qxf3 29.Qxe8 Qe3+
30.Kh2 Nxe7 31.Kxg2 Qd2+ 32.Kg1 Qe3+ 33.Kg2 Qd2+ 34.Kg1 Qe3+ 35.Kg2  1/2-1/2

[Event "16th OIBM 2012"]
[Site "Bad Wiessee GER"]
[Date "2012.11.02"]
[Round "7.16"]
[White "Bromberger,S"]
[Black "Cordts,I"]
[Result "1-0"]
[WhiteElo "2492"]
[BlackElo "2294"]

1.d4 d5 2.c4 c6 3.Nf3 Nf6 4.Nc3 dxc4 5.a4 Bf5 6.Ne5 Nbd7 7.Nxc4 Nd5 8.Bg5 N7b6
9.Nd2 Nxc3 10.bxc3 Qd5 11.a5 Nd7 12.Bh4 e5 13.e4 Bxe4 14.Bc4 Qd6 15.Nxe4 Qh6
16.Qg4  1-0

[Event "TCh-AUT 2012-13"]
[Site "Hohenems AUT"]
[Date "2012.11.03"]
[Round "2.4"]
[White "De Francesco,K"]
[Black "Kreisl,R"]
[Result "1/2-1/2"]
[WhiteElo "2246"]
[BlackElo "2419"]

1.d4 d5 2.c4 c6 3.Nf3 Nf6 4.Nc3 dxc4 5.a4 Bf5 6.Ne5 Nbd7 7.Nxc4 Qc7 8.Qd2 Be6
9.e4 Bxc4 10.Bxc4 e5 11.d5 Bb4 12.O-O cxd5 13.Bxd5 O-O 14.Qg5 Nb6 15.Be3 Bxc3
16.Bxb6 axb6 17.bxc3 Nxd5 18.exd5 Rfd8 19.Rfd1 Qxc3 20.Rac1 Qb3 21.Qxe5 Qxa4
22.d6 Qd7 23.h4 Rac8 24.Rxc8 Rxc8 25.Qe7 Rd8 26.Rc1 Qxe7 27.dxe7 Re8 28.Rc7 f6
29.Rxb7 Kf7 30.Rxb6 Rxe7 31.g3  1/2-1/2

[Event "Subzonal 2.3 2012"]
[Site "Pamplona COL"]
[Date "2012.11.05"]
[Round "1.7"]
[White "Martinez Romero,M"]
[Black "Portnoy Cruz,I"]
[Result "1-0"]
[WhiteElo "2390"]
[BlackElo "2092"]

1.Nf3 Nf6 2.c4 c6 3.Nc3 d5 4.d4 dxc4 5.a4 Bf5 6.g3 Nd5 7.Bg2 Nxc3 8.bxc3 Be4
9.Ba3 Qd5 10.O-O h5 11.Ne1 Bxg2 12.Nxg2 h4 13.Nxh4 g5 14.Ng2 Qf5 15.f3 Qh3
16.Kf2 Qxh2 17.Qd2 Qh6 18.Rh1 Qg7 19.Rxh8 Qxh8 20.Qxg5 Nd7 21.Rb1 O-O-O 22.Qa5 a6
23.Qb4 b5 24.Qa5 Nb8 25.Bc5 Rd7 26.Qb4 Qf6 27.Rh1 Bg7 28.Ne3 Qe6 29.g4 Bh6
30.Nf5 Bf4 31.e4 Bd6 32.Rh6 f6 33.g5 Kb7 34.Bxd6 a5 35.Qxa5 Rxd6 36.gxf6 exf6
37.Nxd6+ Qxd6 38.Rh7+ Kc8 39.Qa7  1-0

[Event "Subzonal 2.3 2012"]
[Site "Pamplona COL"]
[Date "2012.11.06"]
[Round "3.22"]
[White "Ruiz,Al"]
[Black "Trujillo,Fernando"]
[Result "0-1"]
[WhiteElo "2198"]
[BlackElo "2026"]

1.d4 d5 2.c4 c6 3.Nc3 Nf6 4.Nf3 dxc4 5.a4 Bf5 6.e3 e6 7.Bxc4 Bb4 8.O-O Nbd7
9.Qe2 O-O 10.e4 Bg4 11.e5 Nd5 12.Ne4 N7b6 13.Bd3 Ne7 14.Rd1 Nf5 15.Be3 Nd5
16.h3 Bh5 17.g4 Nfxe3 18.fxe3 Bg6 19.Neg5 Be7 20.Ne4 Bxe4 21.Bxe4 Bg5 22.Ra3 Be7
23.Rb3 Rb8 24.Bb1 Qa5 25.Qc4 Nb6 26.Qd3 g6 27.Bc2 Nxa4 28.Ra1 b5 29.Rc3 Rfc8
30.Bxa4 bxa4 31.Ra2 Qb5 32.Nd2 Bb4 33.Ne4 Bxc3 34.Qxc3 Qb3 35.Qxb3 Rxb3 36.Kf2 a3
37.bxa3 Rcb8 38.Kf3 Rb2 39.Ra1 Rb1 40.Rxb1 Rxb1 41.Nc5 Ra1 42.a4 Ra3 43.Kf4 h6
44.h4 Kf8 45.h5 gxh5 46.gxh5 Ke7 47.Kf3 Ra1 48.Kg2 Re1 49.Kf3 Rh1 50.Kg4 Rg1+
51.Kf4 Rg5 52.Ne4 Rxh5 53.Nd6 Rh1 54.Nc8+ Kd7 55.Nd6 Rg1  0-1

[Event "FSGM Nov 2012"]
[Site "Budapest HUN"]
[Date "2012.11.07"]
[Round "5.3"]
[White "Kharous,E"]
[Black "Arngrimsson,D"]
[Result "0-1"]
[WhiteElo "2367"]
[BlackElo "2386"]

1.d4 d5 2.Nf3 Nf6 3.c4 c6 4.Nc3 dxc4 5.a4 Bf5 6.Ne5 Nbd7 7.Nxc4 Nb6 8.Ne5 a5
9.h3 e6 10.g4 Be4 11.Nxe4 Nxe4 12.Bg2 Bb4+ 13.Kf1 Nf6 14.Bg5 h6 15.Bh4 g5
16.Bg3 h5 17.e3 Qe7 18.Rc1 Rd8 19.Bf3 h4 20.Bh2 O-O 21.Qc2 Nfd7 22.Nd3 Nd5
23.e4 N5b6 24.Qb3 Bd6 25.e5 Bb4 26.Kg2 Nb8 27.Nxb4 axb4 28.Rhd1 Na6 29.Be4 Nd5
30.Bb1 f5 31.gxf5 exf5 32.Kh1 Nc7 33.f4 Ne6 34.fxg5 Kf7 35.Bxf5 Ke8 36.Bxe6 Qxe6
37.Rf1 Kd7 38.Qd3 Ne7 39.Rf6 Qd5+ 40.Kg1 Rxf6 41.exf6 Qxg5+ 42.Kf2 Qxc1 43.Qe2 Nf5
44.d5 Qc5+  0-1

[Event "WY BU18 2012"]
[Site "Maribor SLO"]
[Date "2012.11.08"]
[Round "1"]
[White "Bukavshin,I"]
[Black "Hasenohr,B"]
[Result "1-0"]
[WhiteElo "2505"]
[BlackElo "2196"]

1.Nf3 d5 2.d4 Nf6 3.c4 c6 4.Nc3 dxc4 5.a4 Bf5 6.Ne5 Nbd7 7.Nxc4 Nb6 8.Ne5 a5
9.e3 Nfd7 10.Nxf7 Kxf7 11.Qf3 e6 12.e4 Qf6 13.exf5 Re8 14.Be2 exf5 15.O-O g6
16.Bd1 Kg7 17.d5 Ne5 18.Qg3 Bd6 19.Bg5 Qf7 20.dxc6 bxc6 21.Bf4 Qc7 22.Bb3 Nf3+
23.Qxf3 Bxf4 24.g3 Be5 25.Rac1 Re7 26.Nb5 Qb7 27.Rxc6 Rc8 28.Rfc1 Rxc6 29.Rxc6 Bxb2
30.Nd6 Qb8 31.Qf4 Re1+ 32.Kg2 Qa8 33.Nxf5+ gxf5 34.Qc7+ Kh8 35.Qxb6 Re5 36.Kh3 Re7
37.Be6 Qb7 38.Qd8+ Kg7 39.Qg8+ Kf6 40.Qf8+ Ke5 41.Qxf5+  1-0

[Event "38th ch-BAN 2012"]
[Site "Dhaka BAN"]
[Date "2012.11.09"]
[Round "2.1"]
[White "Ahmed,J BAN"]
[Black "Abu Sufian,S"]
[Result "0-1"]
[WhiteElo "2155"]
[BlackElo "2374"]

1.d4 d5 2.c4 c6 3.Nc3 Nf6 4.Nf3 dxc4 5.a4 Bf5 6.Ne5 e6 7.e3 Nbd7 8.Nxc4 Bb4
9.Bd2 O-O 10.Be2 Qe7 11.Na2 Bxd2+ 12.Nxd2 e5 13.Nf3 exd4 14.Nxd4 Bg6 15.O-O a5
16.Qb3 Nc5 17.Qa3 Rfe8 18.Rfd1 Nd5 19.Rac1 Nd7 20.Qb3 N7b6 21.Bf3 Rad8 22.g3 Be4
23.Bxe4 Qxe4 24.Nc3 Qe7 25.Nxd5 Nxd5 26.Nf5 Qe5 27.Nd4 Nb4 28.Nf3 Qf5 29.Kg2 g6
30.h4 Rd3 31.Rxd3 Nxd3 32.Rc4 Qd5 33.Rc3 Ne1+ 34.Kf1 Nxf3 35.Qxb7 Ne5 36.e4 Qxe4
37.Re3 Qh1+ 38.Ke2 Rd8 39.Qb3 Nc4  0-1

[Event "I Cerrado Ciutat De Manresa"]
[Site "Manresa ESP"]
[Date "2012.11.09"]
[Round "3.3"]
[White "Herreros Fernandez,M"]
[Black "Monell Camarasa,D"]
[Result "1-0"]
[WhiteElo "2279"]
[BlackElo "2259"]

1.d4 d5 2.Nf3 Nf6 3.c4 c6 4.Nc3 dxc4 5.a4 Bf5 6.e3 e6 7.Bxc4 Bb4 8.O-O O-O
9.Qb3 Qe7 10.Ne5 Nbd7 11.Nxd7 Nxd7 12.e4 Bg6 13.f3 Nb6 14.Be2 Rad8 15.a5 Nc8
16.Ra4 Bd6 17.Be3 b5 18.axb6 Nxb6 19.Ra5 Bb4 20.Ra6 c5 21.Na2 f5 22.Nxb4 cxb4
23.Rfa1 fxe4 24.Rxa7 Qd6 25.R1a6 Qd5 26.Qxd5 Nxd5 27.Bg5 Rc8 28.fxe4 Nf4
29.Bf3 Rc1+ 30.Kf2 Rc2+ 31.Kg3 Ne2+ 32.Kh3 Nxd4 33.Be7 Nxf3 34.Bxf8 Ng1+
35.Kh4 Kxf8 36.Rb7 Rc8 37.Rxe6 Ne2 38.Rxb4 Nf4 39.Rd6 Nxg2+ 40.Kg3 Ne3 41.Kf4 Ke7
42.Rxg6 hxg6 43.Kxe3 Rc2 44.Kd4 Rxh2 45.Kd5 Kf6 46.Rb6+ Kf7 47.Rb7+ Kg8 48.e5 g5
49.Rb8+ Kf7 50.e6+ Ke7 51.Rb7+ Ke8 52.b4 Rd2+ 53.Kc4 Rc2+ 54.Kb5 Re2 55.Rxg7 Re5+
56.Ka4 Rxe6 57.Rxg5 Kd7 58.Rc5 Rb6 59.Ka5 Rb8 60.b5  1-0

[Event "WY GU18 2012"]
[Site "Maribor SLO"]
[Date "2012.11.09"]
[Round "2.12"]
[White "Nonkovic,B"]
[Black "Baraeva,I"]
[Result "0-1"]
[WhiteElo "2024"]
[BlackElo "2174"]

1.d4 d5 2.c4 c6 3.Nf3 Nf6 4.Nc3 dxc4 5.a4 Bf5 6.Ne5 Nbd7 7.Nxc4 Qc7 8.Qd2 Nb6
9.Ne5 e6 10.f3 Bg6 11.e4 Rd8 12.Qf2 Nbd7 13.Nc4 Bb4 14.Qg3 Qc8 15.Nd6+ Bxd6
16.Qxd6 Nb8 17.Qb4 Qd7 18.Be3 h6 19.Be2 Qe7 20.Qxe7+ Kxe7 21.Kf2 Rd7 22.a5 Rc8
23.Na4 Kf8 24.Rhc1 Ne8 25.Ra3 Re7 26.Rb3 Rd8 27.e5 Rc8 28.Nc5 Rcc7 29.Rc4 Kg8
30.Bd1 Bb1 31.Rcb4 Ba2 32.Rc3 Bd5 33.Bb3 f6 34.Bxd5 cxd5 35.Rcb3 fxe5 36.dxe5 d4
37.Bxd4 Nc6 38.Rxb7 Rxb7 39.Rxb7 Rxb7 40.Nxb7 Nxd4 41.b4 Nc7 42.Nc5 Nc6  0-1

[Event "WY BU16 2012"]
[Site "Maribor SLO"]
[Date "2012.11.10"]
[Round "3.15"]
[White "Harutyunian,T"]
[Black "Reshef,O"]
[Result "1/2-1/2"]
[WhiteElo "2334"]
[BlackElo "2228"]

1.d4 d5 2.c4 c6 3.Nf3 Nf6 4.Nc3 dxc4 5.a4 Bf5 6.e3 e6 7.Bxc4 Nbd7 8.O-O Bb4
9.Qe2 Bg4 10.h3 Bxf3 11.Qxf3 O-O 12.Rd1 Qe7 13.a5 a6 14.e4 e5 15.d5 cxd5
16.Nxd5 Nxd5 17.Bxd5 Nf6 18.Bg5 Rac8 19.Rd3 Rc7 20.Rb3 Bc5 21.Rd1 h6 22.Bxf6 Qxf6
23.Qxf6 gxf6 24.Rxb7 Rxb7 25.Bxb7 Bd4 26.Rc1 Bxb2 27.Rc7 Kg7 28.Bxa6 Ra8
29.Bc4 Rxa5 30.Rxf7+ Kg6 31.g3 Bd4 32.Rb7 Ra7 33.Rb8 Rc7 34.Bb3 Rc6 35.Rg8+ Kh7
36.Rf8 Rc3 37.Be6 Rxg3+ 38.Kh2 Rf3 39.Bf5+ Kg7 40.Rb8 Rxf2+ 41.Kg3 Rb2  1/2-1/2

[Event "WY GU18 2012"]
[Site "Maribor SLO"]
[Date "2012.11.11"]
[Round "4"]
[White "Pustovoitova,D"]
[Black "Leks,M"]
[Result "0-1"]
[WhiteElo "2269"]
[BlackElo "2069"]

1.d4 d5 2.c4 c6 3.Nc3 Nf6 4.Nf3 dxc4 5.a4 Bf5 6.Nh4 e6 7.Nxf5 exf5 8.Bg5 h6
9.Bxf6 Qxf6 10.e3 Bb4 11.Bxc4 O-O 12.a5 c5 13.O-O cxd4 14.Nd5 Qd6 15.Ra4 Nc6
16.Nxb4 Nxb4 17.Qxd4 Qxd4 18.exd4 Nc6 19.Rd1 Rad8 20.a6 Nxd4 21.Rxd4 Rxd4
22.Bxf7+ Rxf7 23.Rxd4 bxa6 24.f4 Rb7 25.Rd5 Rxb2 26.Rxf5 Rb5  0-1

[Event "WY BU16 2012"]
[Site "Maribor SLO"]
[Date "2012.11.11"]
[Round "4.16"]
[White "Papasimakopoulos,Alexandros"]
[Black "Lampert,J"]
[Result "1-0"]
[WhiteElo "2156"]
[BlackElo "2292"]

1.d4 Nf6 2.c4 c6 3.Nf3 d5 4.Nc3 dxc4 5.a4 Bf5 6.e3 e6 7.Bxc4 Bb4 8.O-O Nbd7
9.Qe2 Bg6 10.e4 O-O 11.Bd3 h6 12.Rd1 Qa5 13.e5 Bxd3 14.Rxd3 Nd5 15.Ne4 c5
16.Nh4 cxd4 17.Rg3 Nxe5 18.Bxh6 Ng6 19.Nxg6 fxg6 20.Rxg6 Rf7 21.Qg4 Bf8 22.Qxe6 Qd8
23.Ng5 Qd7 24.Nxf7 Qxe6 25.Rxe6 Kxf7 26.Re5 Nb4 27.Bd2 Nc6 28.Rb5 b6 29.a5 bxa5
30.Rc1 Nd8 31.Rxa5 Ne6 32.b4 Bd6 33.Ra6 Be7 34.Kf1 Bd8 35.Rca1 Rc8 36.Rxa7+ Kg6
37.Rc1 Rb8 38.Ra6 Kf7 39.Rcc6 Nf8 40.Ra7+ Kg8 41.Ke2 Bf6 42.f4 Ng6 43.Rca6 Rb5
44.g4  1-0

[Event "WY GU18 2012"]
[Site "Maribor SLO"]
[Date "2012.11.11"]
[Round "4.21"]
[White "Badamkhand,Norovsambuu"]
[Black "Sop,S"]
[Result "1/2-1/2"]
[WhiteElo "1920"]
[BlackElo "2038"]

1.d4 d5 2.c4 c6 3.Nc3 Nf6 4.Nf3 dxc4 5.a4 Bf5 6.e3 e6 7.Bxc4 Bb4 8.O-O O-O
9.Qe2 Bg6 10.Ne5 Nbd7 11.Nxg6 hxg6 12.Rd1 Qa5 13.Qc2 Qh5 14.Be2 Qh4 15.Bf3 Bd6
16.h3 g5 17.Ne4 Bc7 18.Nxf6+ Nxf6 19.Qe2 e5 20.dxe5 Bxe5 21.Bd2 Rad8 22.Bc3 Bxc3
23.bxc3 Rfe8 24.Rd4 Rxd4 25.cxd4 Re6 26.Rc1 Ne4 27.a5 a6 28.Bxe4 Qxe4 29.Qc2 Qd5
30.Qc5 Qxc5 31.Rxc5 f6 32.Rc4 Rd6 33.e4 Kf7 34.f3 Ke6 35.Kf2 Kd7 36.Ke3 Kc7
37.Rb4 Rd8 38.Rb2 Rb8 39.Rb6 Rh8 40.Kd3 Rh5 41.Kc4 g4 42.d5 gxh3 43.gxh3 Rxh3
44.dxc6 bxc6 45.Rxa6 Kd6 46.Ra7 g5 47.a6 Rxf3 48.Ra8 Ra3 49.a7 Kc7 50.Rf8  1/2-1/2

[Event "WY BU18 2012"]
[Site "Maribor SLO"]
[Date "2012.11.12"]
[Round "5.40"]
[White "Verstraeten,R"]
[Black "Esenbek Uulu,Bakai"]
[Result "1-0"]
[WhiteElo "2211"]
[BlackElo "1984"]

1.d4 d5 2.c4 c6 3.Nf3 Nf6 4.Nc3 dxc4 5.a4 Bf5 6.Ne5 e6 7.f3 Bb4 8.Kf2 c5
9.e4 Bg6 10.Be3 Nc6 11.Nxc6 bxc6 12.dxc5 Qa5 13.Qd6 Rc8 14.Bxc4 Bxc3 15.bxc3 Bxe4
16.Bd4 Rd8 17.Qf4 Bg6 18.Rhe1 O-O 19.Qe3 Kh8 20.h4 Rg8 21.Qg5 Nd7 22.h5 Bc2
23.h6 e5 24.Rxe5 Nxe5 25.Qxe5 f6 26.Qxf6 Qc7 27.hxg7+ Rxg7 28.f4 Re8 29.a5 Qe7
30.Qxe7 Rxe7 31.Re1 Rxe1 32.Kxe1 h6 33.Be2 Be4 34.Kf2 Bf5 35.Bf3 Bd7 36.Ke3 Kg8
37.Bxg7 Kxg7 38.g4 Kf6 39.Kf2 Be8 40.Kg3 Kg6 41.Kh4 Kf6 42.Be4 Ke6 43.g5 hxg5+
44.Kxg5 Ke7 45.Kf5  1-0

[Event "WY BU16 2012"]
[Site "Maribor SLO"]
[Date "2012.11.12"]
[Round "5.14"]
[White "Svane,R"]
[Black "Le Tuan Minh"]
[Result "0-1"]
[WhiteElo "2399"]
[BlackElo "2204"]

1.d4 d5 2.c4 c6 3.Nf3 Nf6 4.Nc3 dxc4 5.a4 Bf5 6.e3 e6 7.Bxc4 Bb4 8.O-O O-O
9.Qe2 Ne4 10.Bd3 Bxc3 11.bxc3 Nxc3 12.Qc2 Bxd3 13.Qxd3 Nd5 14.Rb1 b6 15.Ba3 Re8
16.Rfc1 Nf6 17.Qc2 Qd5 18.Re1 Qe4 19.Qc3 Rc8 20.Nd2 Qh4 21.Nf3 Qe4 22.Nd2 Qh4
23.Nf3 Qxf2+ 24.Kh1 Qa2 25.Qd3 Ng4 26.Re2 Qd5 27.h3 Qh5 28.e4 Nd7 29.a5 Ndf6
30.Be7 c5 31.Bxf6 Nxf6 32.axb6 axb6 33.Rxb6 cxd4 34.Qxd4 Qh6 35.Qd6 Ra1+
36.Kh2 e5 37.Qd2 Ng4+ 38.Kg3 Qxb6 39.hxg4 Re8 40.g5 Raa8 41.Re1 Rad8 42.Qe2 h6
43.Rh1 hxg5 44.Nxg5 Qg6 45.Qg4 Rd3+ 46.Nf3 Qxg4+ 47.Kxg4 Re3 48.Re1 Rxe1
49.Nxe1 g6 50.Nf3 Kg7 51.g3 Kf6 52.Ng5 Rb8 53.Nh7+ Ke7 54.Kg5 Rb3 55.g4 Rf3  0-1